[Event "Canarias-chT Honor"]
[Site "Spain"]
[Date "2020.01.11"]
[Round "1.3"]
[White "Mayor Gonzalez, Julio"]
[Black "Amador Garcia, Ismael"]
[Result "0-1"]
[WhiteElo "1951"]
[BlackElo "2111"]
[PlyCount "53"]
[EventDate "2020.01.11"]
[EventType "team-tourn"]
[EventRounds "9"]
[EventCountry "ESP"]
[SourceTitle "CBM 195 Extra"]
[Source "ChessBase"]
[SourceDate "2020.05.31"]
[SourceVersion "1"]
[SourceVersionDate "2020.05.31"]
[SourceQuality "1"]
[WhiteTeam "Sanat Lucia Grandama"]
[BlackTeam "Fundacion La Caja de Canarias"]
[WhiteTeamCountry "ESP"]
[BlackTeamCountry "ESP"]

1. d4 Nf6 2. Nf3 g6 3. g3 Bg7 4. Bg2 0-0 5. 0-0 d6 6. c4 c6 7. Nc3 Qa5 8. d5 cxd5 9. Nxd5 Nxd5 10. Qxd5 Qc7 11. Nd4 Qb6 12. Rd1 Nd7 13. Nb5 Nc5 14. Qg5 Bf6 15. Qf4 Ne6 16. Qe4 a6 17. Nc3 Bxc3 18. bxc3 Qa5 19. Bh6 Re8 20. Qe3 Qc5 21. Qd3 Qh5 22. Be3 Nc5 23. Qd2 Rb8 24. Rab1 b6 25. f3 Qf5 26. g4 Qe6 27. Qd5 0-1

[Event "Liga Insular Gran Canaria Preferente"]
[Site "Las Palmas"]
[Date "2019.05.18"]
[Round "7.3"]
[White "Cruz Pino, Adrian"]
[Black "Mayor Gonzalez, Julio"]
[Result "1/2-1/2"]
[WhiteElo "2133"]
[BlackElo "1958"]
[PlyCount "208"]
[EventDate "2019.03.02"]
[EventType "team-tourn"]
[EventRounds "9"]
[EventCountry "ESP"]
[SourceTitle "EXT 2021"]
[Source "ChessBase"]
[SourceDate "2020.10.23"]
[SourceVersion "1"]
[SourceVersionDate "2020.10.23"]
[SourceQuality "1"]
[WhiteTeam "Hotel Avda de Canarias"]
[BlackTeam "Grandama"]
[WhiteTeamCountry "ESP"]
[BlackTeamCountry "ESP"]

1. c4 Nf6 2. Nc3 e6 3. e4 d5 4. e5 d4 5. exf6 dxc3 6. fxg7 cxd2+ 7. Bxd2 Bxg7 8. Qc2 Nc6 9. Nf3 Bd7 10. Bd3 Qe7 11. a3 0-0-0 12. 0-0-0 h5 13. Be3 Bh6 14. Qd2 Qf6 15. Bxh6 Qxh6 16. Ng5 Rhf8 17. Kb1 f6 18. Ne4 Qxd2 19. Rxd2 b6 20. Be2 h4 21. Rhd1 e5 22. b3 Nd4 23. Kb2 Bc6 24. Bf3 Nxf3 25. Rxd8+ Rxd8 26. Rxd8+ Kxd8 27. gxf3 Ke7 28. Kc3 f5 29. Nd2 Kf6 30. Kd3 Ke6 31. Ke3 a5 32. f4 Bb7 33. Nb1 c5 34. Nc3 Bc6 35. fxe5 Kxe5 36. f4+ Ke6 37. a4 Kd6 38. Ke2 Ke6 39. Nd1 Kd6 40. Ne3 Ke6 41. Kd2 Be4 42. Nd1 Bc6 43. Nf2 Kd6 44. Nd3 Ke6 45. Ne5 Be8 46. Ke3 Kd6 47. Nf3 h3 48. Ng5 Bh5 49. Kd2 Bg4 50. Nf7+ Ke6 51. Ne5 Bh5 52. Nd3 Kf6 53. Nf2 Bg4 54. Nh1 Ke6 55. Ng3 Kf6 56. Nf1 Ke6 57. Ne3 Bf3 58. Ke1 Be4 59. Kf2 Bb1 60. Nf1 Bc2 61. Nd2 Bd1 62. Kg3 Bg4 63. Kf2 Bd1 64. Ke1 Bc2 65. Ke2 Kd6 66. Kf3 Bd1+ 67. Kg3 Bg4 68. Kh4 Ke7 69. Kg5 Ke6 70. Kg6 Bd1 71. Kg7 Ke7 72. Kg6 Ke6 73. Kg5 Be2 74. Kh4 Bg4 75. Kg3 Kd6 76. Nf3 Ke7 77. Kf2 Kd6 78. Ke3 Ke6 79. Nd2 Bd1 80. Kd3 Kd6 81. Kc3 Be2 82. Kc2 Ke6 83. Nb1 Kd6 84. Kd2 Bf3 85. Nc3 Kc6 86. Ke3 Bg4 87. Kf2 Bh5 88. Kg3 Bg4 89. Kh4 Kd6 90. Kg5 Ke6 91. Kg6 Bf3 92. Kg5 Bg4 93. Kh4 Kd6 94. Ne4+ Ke6 95. Nf2 Be2 96. Kxh3 Kf6 97. Kg3 Kg6 98. Kg2 Kf6 99. h4 Kg6 100. Kh2 Kf6 101. Kg2 Kg6 102. Kg3 Kh5 103. Kh3 Bf1+ 104. Kg3 Be2 1/2-1/2

[Event "Liga Insular Gran Canaria Preferente"]
[Site "Las Palmas"]
[Date "2019.03.09"]
[Round "2.3"]
[White "Jimenez Mendoza, Jose Miguel"]
[Black "Mayor Gonzalez, Julio"]
[Result "0-1"]
[WhiteElo "1780"]
[BlackElo "1958"]
[PlyCount "62"]
[EventDate "2019.03.02"]
[EventType "team-tourn"]
[EventRounds "9"]
[EventCountry "ESP"]
[SourceTitle "EXT 2021"]
[Source "ChessBase"]
[SourceDate "2020.10.23"]
[SourceVersion "1"]
[SourceVersionDate "2020.10.23"]
[SourceQuality "1"]
[WhiteTeam "Maspalomas"]
[BlackTeam "Grandama"]
[WhiteTeamCountry "ESP"]
[BlackTeamCountry "ESP"]

1. e4 e5 2. Nf3 Nc6 3. Bb5 a6 4. Ba4 Nf6 5. 0-0 b5 6. Bb3 Bc5 7. d3 d6 8. h3 Be6 9. Nbd2 0-0 10. c3 Bxb3 11. Nxb3 Bb6 12. Be3 Nd7 13. Bxb6 Nxb6 14. Rc1 Ne7 15. Nbd2 Ng6 16. Re1 f5 17. Nf1 f4 18. N1h2 Qe7 19. c4 Kh8 20. cxb5 axb5 21. Qb3 c5 22. Re2 Qd7 23. Ng4 h6 24. a3 Ne7 25. Rec2 Kh7 26. Ngxe5 dxe5 27. Nxe5 Qe8 28. Rxc5 Nd7 29. Rxb5 Nxe5 30. Rxe5 Qd7 31. f3 Qd4+ 0-1

[Event "Canarias-chT"]
[Site "Vecindario"]
[Date "2018.06.02"]
[Round "5.1"]
[White "Mayor Gonzalez, Julio"]
[Black "Martin Hernandez, Ruben"]
[Result "0-1"]
[WhiteElo "1951"]
[BlackElo "2206"]
[PlyCount "74"]
[EventDate "2018.05.31"]
[EventType "team-swiss"]
[EventRounds "6"]
[EventCountry "ESP"]
[SourceTitle "EXT 2024"]
[Source "ChessBase"]
[SourceDate "2023.10.10"]
[SourceVersion "1"]
[SourceVersionDate "2023.10.10"]
[SourceQuality "1"]
[WhiteTeam "Grandama Santa Lucia II"]
[BlackTeam "Tablero de Guanapay"]
[WhiteTeamCountry "ESP"]
[BlackTeamCountry "ESP"]

1. e4 Nc6 2. Nc3 d6 3. d4 Nf6 4. Be3 Ng4 5. Bf4 e5 6. dxe5 dxe5 7. Qxd8+ Kxd8 8. Bg3 Be6 9. Nf3 f6 10. h3 Nh6 11. a3 Nf7 12. Bd3 Bd6 13. Ne2 Ke7 14. Nd2 Nb8 15. f3 Nd7 16. Bf2 a5 17. Bc4 Bc5 18. Bxe6 Kxe6 19. Bxc5 Nxc5 20. a4 Nd6 21. Nc3 c6 22. Ke2 h5 23. h4 b6 24. Ke3 Na6 25. Rhc1 Rad8 26. Ne2 Rhg8 27. Ra3 g5 28. hxg5 Rxg5 29. g3 Kd7 30. c4 Kc7 31. Nb3 Nb7 32. f4 Rg7 33. Rh1 Nb4 34. Rc1 h4 35. Nd2 hxg3 36. fxe5 fxe5 37. Nf3 Nc5 0-1

[Event "Canarias-chT"]
[Site "Vecindario"]
[Date "2018.06.02"]
[Round "4.1"]
[White "Natalicchio Escalante, Ricardo Nicolas"]
[Black "Mayor Gonzalez, Julio"]
[Result "1-0"]
[WhiteElo "2190"]
[BlackElo "1951"]
[PlyCount "77"]
[EventDate "2018.05.31"]
[EventType "team-swiss"]
[EventRounds "6"]
[EventCountry "ESP"]
[SourceTitle "EXT 2019"]
[Source "ChessBase"]
[SourceDate "2018.10.10"]
[SourceVersion "1"]
[SourceVersionDate "2018.10.10"]
[SourceQuality "1"]
[WhiteTeam "La Caja de Canarias"]
[BlackTeam "Grandama Santa Lucia II"]
[WhiteTeamCountry "ESP"]
[BlackTeamCountry "ESP"]

1. b3 b6 2. Bb2 Bb7 3. c4 c5 4. e3 e6 5. Nf3 Nf6 6. Nc3 Nc6 7. g3 d6 8. Bg2 Ne5 9. d4 Ned7 10. d5 e5 11. Nh4 g6 12. f4 Be7 13. 0-0 0-0 14. Bh3 a6 15. Nf3 Re8 16. fxe5 dxe5 17. e4 Bf8 18. Qe2 Bg7 19. Rf2 Re7 20. Raf1 Bc8 21. Nd1 Nh5 22. Nh4 Ndf6 23. Bxc8 Qxc8 24. Kg2 Qg4 25. Qxg4 Nxg4 26. Re2 b5 27. Nf3 b4 28. h3 Nh6 29. Bc1 a5 30. Nb2 f6 31. Na4 Rc7 32. Ne1 Nf7 33. Nd3 Rac8 34. g4 Nf4+ 35. Bxf4 exf4 36. Nxf4 Nd8 37. d6 Rb7 38. Nd5 Kf7 39. e5 1-0

[Event "Las Palmas Insular-chT Pref 1617"]
[Site "Las Palmas"]
[Date "2017.02.18"]
[Round "11.4"]
[White "Mayor Gonzalez, Julio"]
[Black "Suarez Cardero, Ivan"]
[Result "1/2-1/2"]
[WhiteElo "1959"]
[BlackElo "1510"]
[PlyCount "46"]
[EventDate "2016.10.22"]
[EventType "team-tourn"]
[EventRounds "14"]
[EventCountry "ESP"]
[SourceTitle "EXT 2018"]
[Source "ChessBase"]
[SourceDate "2017.10.13"]
[SourceVersion "1"]
[SourceVersionDate "2017.10.13"]
[SourceQuality "1"]
[WhiteTeam "Grandama"]
[BlackTeam "Piscolabis Oleaje San Andres"]
[WhiteTeamCountry "ESP"]
[BlackTeamCountry "ESP"]

1. d4 d5 2. Nf3 Nc6 3. Bf4 Bg4 4. Nbd2 e6 5. e3 a6 6. c3 Bd6 7. Qc2 Qd7 8. Bd3 Nge7 9. Nb3 Bf5 10. Ne5 Bxd3 11. Qxd3 Bxe5 12. Bxe5 Nxe5 13. dxe5 b6 14. 0-0 0-0 15. f4 c5 16. Qe2 Qb5 17. Qxb5 axb5 18. a3 Nf5 19. Kf2 f6 20. exf6 Rxf6 21. Ke2 Nd6 22. Nd2 Rf7 23. Rab1 Re8 1/2-1/2

[Event "Las Palmas Insular-chT Pref 1617"]
[Site "Las Palmas"]
[Date "2017.01.21"]
[Round "9.3"]
[White "Mayor Gonzalez, Julio"]
[Black "Garcia Padron, Jose"]
[Result "0-1"]
[WhiteElo "1959"]
[BlackElo "2422"]
[PlyCount "66"]
[EventDate "2016.10.22"]
[EventType "team-tourn"]
[EventRounds "14"]
[EventCountry "ESP"]
[SourceTitle "EXT 2018"]
[Source "ChessBase"]
[SourceDate "2017.10.13"]
[SourceVersion "1"]
[SourceVersionDate "2017.10.13"]
[SourceQuality "1"]
[WhiteTeam "Grandama"]
[BlackTeam "Villa de Teror"]
[WhiteTeamCountry "ESP"]
[BlackTeamCountry "ESP"]

1. d4 Nf6 2. Nf3 c5 3. d5 b5 4. c4 Bb7 5. e3 g6 6. b3 Bg7 7. Bb2 0-0 8. Nbd2 d6 9. Be2 b4 10. 0-0 a5 11. a4 Re8 12. Re1 e6 13. e4 Nxe4 14. Bxg7 Nxd2 15. Bb2 Nxf3+ 16. Bxf3 e5 17. Qd2 Rf8 18. Qh6 f5 19. g4 Bc8 20. g5 f4 21. Rxe5 dxe5 22. d6 Ra7 23. Bd5+ Rff7 24. Bxe5 Qf8 25. Qh4 Nd7 26. Bxf4 Nb6 27. Bg3 Nxd5 28. cxd5 Qe8 29. Qc4 Bh3 30. Rc1 Ra8 31. Qh4 Qc8 32. Re1 Qg4 33. Qh6 Raf8 0-1

[Event "Las Palmas Insular-chT Pref-A"]
[Site "Las Palmas"]
[Date "2015.04.11"]
[Round "13.1"]
[White "Mayor Gonzalez, Julio"]
[Black "Sanchez Quintero, Raul"]
[Result "1-0"]
[WhiteElo "1910"]
[BlackElo "2035"]
[PlyCount "21"]
[EventDate "2014.11.22"]
[EventType "team-tourn"]
[EventRounds "14"]
[EventCountry "ESP"]
[SourceTitle "EXT 2016"]
[Source "ChessBase"]
[SourceDate "2015.10.08"]
[SourceVersion "1"]
[SourceVersionDate "2015.10.08"]
[SourceQuality "1"]
[WhiteTeam "Grandama Santa Lucia"]
[BlackTeam "La Montana"]
[WhiteTeamCountry "ESP"]
[BlackTeamCountry "ESP"]

1. d4 Nf6 2. Nf3 c5 3. e3 e6 4. c3 b6 5. Nbd2 Be7 6. e4 cxd4 7. Nxd4 0-0 8. e5 Ne8 9. Bd3 d6 10. Qf3 Bb7 11. Qxb7 1-0

[Event "Las Palmas Insular-chT Pref-A"]
[Site "Las Palmas"]
[Date "2015.01.24"]
[Round "5.1"]
[White "Ruiz Romero, Pedro"]
[Black "Mayor Gonzalez, Julio"]
[Result "1-0"]
[WhiteElo "1770"]
[BlackElo "1910"]
[PlyCount "77"]
[EventDate "2014.11.22"]
[EventType "team-tourn"]
[EventRounds "14"]
[EventCountry "ESP"]
[SourceTitle "EXT 2016"]
[Source "ChessBase"]
[SourceDate "2015.10.08"]
[SourceVersion "1"]
[SourceVersionDate "2015.10.08"]
[SourceQuality "1"]
[WhiteTeam "Anand Iberia II"]
[BlackTeam "Grandama Santa Lucia"]
[WhiteTeamCountry "ESP"]
[BlackTeamCountry "ESP"]

1. d4 Nf6 2. c4 e5 3. dxe5 Ng4 4. Bf4 Nc6 5. Nf3 Bb4+ 6. Nc3 f6 7. Qd5 Bxc3+ 8. bxc3 Qe7 9. exf6 Nxf6 10. Qd3 d6 11. g3 0-0 12. Bg2 Re8 13. e3 Qe4 14. Qxe4 Nxe4 15. Rc1 Na5 16. Bf1 Be6 17. Bd3 Nc5 18. Be2 Bxc4 19. Bxc4+ Nxc4 20. 0-0 Ne6 21. Nd4 Nxf4 22. gxf4 a6 23. h3 b6 24. Kh2 b5 25. Rg1 Kf7 26. Nf3 Kf6 27. Rg5 Rad8 28. Rcg1 Rd7 29. Nd4 Nd2 30. Rf5+ Ke7 31. Rxg7+ Kd8 32. Rff7 Rxf7 33. Rxf7 Ne4 34. f5 Nxc3 35. Ne6+ Rxe6 36. fxe6 Nxa2 37. Rd7+ Kc8 38. Rxh7 b4 39. Rh8+ 1-0

[Event "Gran Canaria Santa Lucia op 2nd"]
[Site "Gran Canaria"]
[Date "2014.08.15"]
[Round "2"]
[White "Diaz Mendoza, Eladio"]
[Black "Mayor Gonzalez, Julio"]
[Result "0-1"]
[WhiteElo "1540"]
[BlackElo "1919"]
[PlyCount "122"]
[EventDate "2014.08.14"]
[EventType "swiss"]
[EventRounds "9"]
[EventCountry "ESP"]
[SourceTitle "EXT 2015"]
[Source "ChessBase"]
[SourceDate "2014.11.20"]
[SourceVersion "1"]
[SourceVersionDate "2014.11.20"]
[SourceQuality "1"]

1. e4 d5 2. exd5 Nf6 3. c4 c6 4. dxc6 Nxc6 5. Nf3 e5 6. Be2 e4 7. Ng1 Bc5 8. d3 Qb6 9. Be3 Bxe3 10. fxe3 Qxe3 11. Qd2 Qxd2+ 12. Nxd2 exd3 13. Bxd3 0-0 14. 0-0-0 Be6 15. Ngf3 Nb4 16. Bb1 Rac8 17. b3 Ng4 18. Rdf1 b5 19. a3 Nd5 20. Ng5 Ndf6 21. Nxe6 fxe6 22. Re1 Rfe8 23. h3 Nh6 24. g4 Nf7 25. Kb2 bxc4 26. Nxc4 e5 27. g5 Nxg5 28. Nd6 Rcd8 29. Nxe8 Rxe8 30. h4 Nf3 31. Re3 Nd4 32. Rhe1 Nd7 33. Re4 Rf8 34. Bd3 g6 35. Rf1 Rxf1 36. Bxf1 Kf7 37. Bh3 Nc5 38. Re3 Kf6 39. b4 Na4+ 40. Ka2 Nb6 41. Rc3 e4 42. Rc7 e3 43. Rc1 Ke5 44. Re1 Ke4 45. Bg4 Nf3 46. Rh1 e2 47. Bxf3+ Kxf3 48. Kb3 Kf2 49. a4 e1Q 50. Rxe1 Kxe1 51. a5 Nd7 52. Kc4 h6 53. Kd5 g5 54. hxg5 hxg5 55. Ke4 Kd2 56. b5 Kc3 57. Kf5 Kc4 58. b6 Nxb6 59. axb6 axb6 60. Kxg5 b5 61. Kf4 b4 0-1

[Event "Gran Canaria Santa Lucia op 2nd"]
[Site "Gran Canaria"]
[Date "2014.08.14"]
[Round "1"]
[White "Mayor Gonzalez, Julio"]
[Black "Sosa Suarez, Carla Cristina"]
[Result "1-0"]
[WhiteElo "1919"]
[BlackElo "1332"]
[PlyCount "59"]
[EventDate "2014.08.14"]
[EventType "swiss"]
[EventRounds "9"]
[EventCountry "ESP"]
[SourceTitle "EXT 2015"]
[Source "ChessBase"]
[SourceDate "2014.11.20"]
[SourceVersion "1"]
[SourceVersionDate "2014.11.20"]
[SourceQuality "1"]

1. d4 d5 2. Nf3 e6 3. e3 Nf6 4. Bd3 Nbd7 5. Nbd2 c5 6. b3 Bd6 7. Bb2 0-0 8. 0-0 Re8 9. Ne5 Qc7 10. f4 cxd4 11. exd4 Nf8 12. Qf3 Ng6 13. g4 Bb4 14. c3 Bd6 15. Rae1 Nd7 16. Re2 Ndxe5 17. fxe5 Bf8 18. Ref2 Nxe5 19. dxe5 Bc5 20. Kg2 Bxf2 21. Rxf2 b6 22. Bb5 Rd8 23. Ba3 Qb7 24. Bd6 Bd7 25. Qxf7+ Kh8 26. Nf3 Bc8 27. Ng5 d4+ 28. Kg3 Qxf7 29. Nxf7+ Kg8 30. Nxd8 1-0

[Event "Las Palmas Insular-chT Primera-A"]
[Site "Las Palmas"]
[Date "2014.01.25"]
[Round "7.1"]
[White "Jimenez Mendoza, Jose Miguel"]
[Black "Mayor Gonzalez, Julio"]
[Result "1-0"]
[WhiteElo "1740"]
[BlackElo "1934"]
[PlyCount "105"]
[EventDate "2013.11.09"]
[EventType "team-tourn"]
[EventRounds "14"]
[EventCountry "ESP"]
[SourceTitle "EXT 2015"]
[Source "ChessBase"]
[SourceDate "2014.11.20"]
[SourceVersion "1"]
[SourceVersionDate "2014.11.20"]
[SourceQuality "1"]
[WhiteTeam "Maspalomas "]
[BlackTeam "Tirajana"]
[WhiteTeamCountry "ESP"]
[BlackTeamCountry "ESP"]

1. e4 e5 2. Nf3 Nc6 3. Bb5 a6 4. Ba4 Nf6 5. 0-0 b5 6. Bb3 Bc5 7. d3 d6 8. h3 0-0 9. c3 Bb6 10. Bg5 Ne7 11. Re1 Ng6 12. Nbd2 Bb7 13. d4 h6 14. Be3 Re8 15. d5 c5 16. Bc2 c4 17. Nf1 Nd7 18. b4 cxb3 19. axb3 Rc8 20. Bxb6 Qxb6 21. Re3 Rc5 22. N1d2 Rec8 23. c4 R5c7 24. Rb1 Qa5 25. Bd3 b4 26. Bf1 Nc5 27. Ne1 Ra8 28. Nd3 Bc8 29. Nxc5 Qxc5 30. Nf3 a5 31. Qd2 Rb7 32. Ne1 Bd7 33. Nd3 Qd4 34. Qb2 Qxb2 35. Rxb2 Rc7 36. Ra2 a4 37. Nxb4 Raa7 38. Nc2 axb3 39. Rxa7 Rxa7 40. Rxb3 f5 41. Rb6 Ba4 42. exf5 Bxc2 43. fxg6 Bxg6 44. Rxd6 Kf7 45. c5 Ra1 46. f4 Bd3 47. fxe5 Rxf1+ 48. Kh2 Re1 49. e6+ Kf6 50. c6 Bb5 51. c7 Rc1 52. Rb6 Ba4 53. Rc6 1-0

[Event "Las Palmas Insular-chT Primera-A"]
[Site "Las Palmas"]
[Date "2014.01.18"]
[Round "6.2"]
[White "Alonso Valiente, Alexis"]
[Black "Mayor Gonzalez, Julio"]
[Result "1-0"]
[WhiteElo "2050"]
[BlackElo "1934"]
[PlyCount "73"]
[EventDate "2013.11.09"]
[EventType "team-tourn"]
[EventRounds "14"]
[EventCountry "ESP"]
[SourceTitle "EXT 2015"]
[Source "ChessBase"]
[SourceDate "2014.11.20"]
[SourceVersion "1"]
[SourceVersionDate "2014.11.20"]
[SourceQuality "1"]
[WhiteTeam "Claudio Mendoza"]
[BlackTeam "Tirajana"]
[WhiteTeamCountry "ESP"]
[BlackTeamCountry "ESP"]

1. d4 Nf6 2. Nf3 e6 3. Bf4 c5 4. c3 Nc6 5. Nbd2 d5 6. e3 Nh5 7. Be5 Bd7 8. Bd3 Nxe5 9. Nxe5 Nf6 10. Ndf3 cxd4 11. exd4 Bd6 12. 0-0 0-0 13. Qe2 Rc8 14. Rae1 a6 15. Ng5 g6 16. f4 Rc7 17. Qf3 Bc8 18. g4 Ne8 19. Qh3 f6 20. Qh6 fxg5 21. fxg5 Rg7 22. Bxg6 Rxg6 23. Nxg6 hxg6 24. Re3 Rxf1+ 25. Kxf1 Qe7 26. Qxg6+ Ng7 27. Rf3 Bxh2 28. Qh6 Bd6 29. g6 Nf5 30. gxf5 Qg7 31. Qg5 exf5 32. Rh3 Be7 33. Qg2 f4 34. Qxd5+ Kf8 35. Rh7 Qg8 36. Qxg8+ Kxg8 37. Rxe7 1-0

[Event "Las Palmas Insular-chT Pref qual"]
[Site "San Fernando"]
[Date "2013.04.13"]
[Round "2.3"]
[White "Alonso Valiente, Alexis"]
[Black "Mayor Gonzalez, Julio"]
[Result "1-0"]
[WhiteElo "2055"]
[BlackElo "1940"]
[PlyCount "115"]
[EventDate "2013.04.06"]
[EventType "team-tourn"]
[EventRounds "3"]
[EventCountry "ESP"]
[SourceTitle "EXT 2014"]
[Source "ChessBase"]
[SourceDate "2013.11.20"]
[SourceVersion "1"]
[SourceVersionDate "2013.11.20"]
[SourceQuality "1"]
[WhiteTeam "Univacit Guia"]
[BlackTeam "Maspalomas"]
[WhiteTeamCountry "ESP"]
[BlackTeamCountry "ESP"]

1. d4 Nf6 2. Nf3 d5 3. c4 c6 4. Qc2 e6 5. g3 Ne4 6. Bg2 f5 7. 0-0 Be7 8. b3 Na6 9. a3 0-0 10. Nbd2 Nf6 11. Ne5 Bd7 12. Bb2 Be8 13. Ndf3 Ne4 14. Nd3 Bh5 15. Nf4 Bf7 16. Ne5 Qe8 17. f3 Nd6 18. c5 Nc8 19. b4 Nc7 20. e4 Bg5 21. Nh3 Bf6 22. exf5 exf5 23. Rfe1 Ne7 24. Re2 Qc8 25. Rae1 Ng6 26. Nxg6 hxg6 27. Nf4 a5 28. Nd3 axb4 29. axb4 Ra2 30. Ne5 Be8 31. Qb3 Qa8 32. Bc1 Rxe2 33. Rxe2 Qa1 34. Qb2 Qa4 35. Bf1 Nb5 36. Kg2 Qa8 37. h4 Qd8 38. f4 Kh7 39. Re3 Nc7 40. Be2 Kg8 41. Qa1 Qc8 42. Qa7 Nb5 43. Qa1 Bf7 44. Bb2 Qc7 45. Qa4 Be8 46. Kh3 Qc8 47. Qb3 Nc7 48. Qd1 Bf7 49. Bd3 Re8 50. Qe2 Re7 51. Bc1 Ne8 52. b5 Bxe5 53. Rxe5 Rxe5 54. fxe5 b6 55. bxc6 bxc5 56. dxc5 Qxc6 57. Bb5 Qxc5 58. e6 1-0

[Event "Las Palmas Montalvo Memorial 5th"]
[Site "Las Palmas"]
[Date "2012.04.03"]
[Round "2"]
[White "Mayor Gonzalez, Julio"]
[Black "Gutierrez Olivares, Daniel"]
[Result "0-1"]
[WhiteElo "1943"]
[BlackElo "2281"]
[PlyCount "56"]
[EventDate "2012.04.02"]
[EventType "swiss"]
[EventRounds "9"]
[EventCountry "ESP"]
[SourceTitle "CBM 147 Extra"]
[Source "ChessBase"]
[SourceDate "2012.04.24"]
[SourceVersion "1"]
[SourceVersionDate "2012.04.24"]
[SourceQuality "1"]

1. d4 e6 2. Nf3 Nf6 3. e3 c5 4. c3 cxd4 5. exd4 b6 6. Bd3 Bb7 7. Qe2 Be7 8. Nbd2 Qc7 9. 0-0 0-0 10. Ne5 d6 11. Ng4 Nxg4 12. Qxg4 f5 13. Qh3 Rf6 14. Nf3 h6 15. Re1 Nd7 16. Bf4 Raf8 17. Re2 R8f7 18. Ne1 g5 19. Bd2 e5 20. Bc2 e4 21. Qh5 d5 22. f3 Kg7 23. Bb3 Rg6 24. Qh3 Nf6 25. Qxf5 Bc8 26. fxe4 Bxf5 27. exf5 Ng4 28. fxg6 Qxh2# 0-1